NICSEM special education thesaurus : the controlled indexing vocabulary for the NICSEM special education data base.

Bibliographic Details
Corporate Author: National Information Center for Special Education Materials
Format: Book
Language:English
Published: Los Angeles, CA : National Information Center for Educational Media, University of Southern California, 1980.
Edition:2nd ed.
Subjects:

MARC

Tag First Indicator Second Indicator Subfields
LEADER 00000cam a2200000 a 4500
001 in00000077228
005 20151008060603.0
008 810128s1980 cau i 00000 engm
010 |a  80083509  
020 |a 0893200484 (pbk.) 
035 |a (OCoLC)07000873 
035 |9 AAJ6095AM 
040 |a DLC  |c DLC  |d TXA  |d UtOrBLW 
049 |a TXAM [Also in] [Ref]  |c 1 [1805144]  |c 2 [1677366]  |a TXAF  |c 3 [1677367] 
050 0 0 |a Z695.1.E3  |b N33 1980a 
082 0 |a 025.4/937  |2 19 
110 2 |a National Information Center for Special Education Materials. 
245 1 0 |a NICSEM special education thesaurus :  |b the controlled indexing vocabulary for the NICSEM special education data base. 
250 |a 2nd ed. 
264 1 |a Los Angeles, CA :  |b National Information Center for Educational Media, University of Southern California,  |c 1980. 
300 |a xi, 74 pages ;  |c 28 cm. 
336 |a text  |b txt  |2 rdacontent 
337 |a unmediated  |b n  |2 rdamedia 
338 |a volume  |b nc  |2 rdacarrier 
650 0 |a Subject headings  |x Education. 
999 |a MARS 
999 f f |s c5f35b37-5d26-3d98-9303-c938899c3867  |i d2bb1138-3d85-3f9f-a7ec-c7163e3f2096  |t 0 
952 f f |p ric  |a Texas A&M University  |b Rellis Campus  |c Joint Library Facility  |d Remote Storage  |t 0  |e Z695.1.E3 N33 1980a  |h Library of Congress classification  |i unmediated -- volume  |m A14842730625 
952 f f |p normal  |a Texas A&M University  |b College Station  |c Sterling C. Evans Library  |d Evans: Library Stacks  |t 0  |e Z695.1.E3 N33 1980a  |h Library of Congress classification  |i unmediated -- volume  |m A14807979011 
998 f f |a Z695.1.E3 N33 1980a  |t 0  |l Evans: Library Stacks 
998 f f |a Z695.1.E3 N33 1980a  |t 0  |l Remote Storage